Films d'animation français en images #3 - Statistiques

Statistiques générales
  • Ce quiz a été pris 207 fois
  • Le résultat moyen est 5 sur 16
Statistiques - réponses
Par images Réponse % Correct
Babar, roi des éléphants
94%
Tous à l'Ouest
92%
SamSam
76%
Ernest et Célestine : Le Voyage en Charabie
64%
Playmobil, le film
54%
Sahara
20%
Zarafa
18%
Dilili à Paris
14%
Émilie Jolie
10%
J'ai perdu mon corps
9%
Ma famille afghane
9%
Interdit aux chiens et aux Italiens
6%
Robinson et compagnie
6%
Angelo dans la forêt mystérieuse
4%
Loulou, l'incroyable secret
4%
Princesse Dragon
2%
Aucun quiz correspondant
Distribution des résultats
% des personnes avec chaque résultat
Percentile par nombre de réponses
Votre historique - résultats
Vous n’avez pas pris ce quiz